| 000 | 00813nam a2200193Ii 4500 | ||
|---|---|---|---|
| 003 | JO-AjNU | ||
| 008 | 230605s9999||||xx |||||||||||||| ||und|| | ||
| 040 |
_aJO-AjNU _bara _erda _cJO-AjNU |
||
| 041 | _aara | ||
| 050 | 1 | 4 | _aDS79.9.B3.K4232 |
| 100 | 3 |
_a الخطيب البغدادي، أحمد بن علي بن ثابت, _eauthor _943453 |
|
| 245 | 0 | 0 | _aتاريخ بغداد أومدينة السلام منذ تأسيسها حتى سنة 463 هـ |
| 264 | 3 | 1 | _aالمدنية المنورة: المكتبة السلفية، 1900 |
| 300 | _aم14،ج14، 472ص | ||
| 336 |
_atext _btxt _2rdacontent |
||
| 337 |
_aunmediated _bn _2rdamedia |
||
| 338 |
_avolume _bnc _2rdacarrier |
||
| 650 | 4 |
_aبغداد (العراق) -- تاريخ-- بغداد (العراق) -- تراجم-- العراق -- تاريخ _943454 |
|
| 999 |
_aA18682 _c22250 _d22250 |
||